Dolores Rodríguez Sopeña (Record no. 198255)
[ view plain ]
| 000 -LEADER | |
|---|---|
| campo de control de longitud fija | 01562cam a22004094 4500 |
| 001 - NÚMERO DE CONTROL | |
| campo de control | 198255 |
| 003 - IDENTIFICADOR DE NÚMERO DE CONTROL | |
| campo de control | SpMaBN |
| 005 - FECHA Y HORA DE LA ÚLTIMA TRANSACCIÓN | |
| campo de control | 20260528183702.0 |
| 008 - DATOS DE LONGITUD FIJA--INFORMACIÓN GENERAL | |
| campo de control de longitud fija | 260416s1993 sp | |||| ||spa |
| 016 7# - NÚMERO DE CONTROL DE UNA AGENCIA BIBLIOGRÁFICA NACIONAL | |
| Número de control del registro | bimoBNE19930177522 |
| Fuente | SpMaBN |
| 017 ## - NÚMERO DE COPYRIGHT O DE DEPÓSITO LEGAL | |
| Número de copyright o de depósito legal | B 12857-1993 |
| Agencia que asigna | Oficina Depósito Legal Barcelona |
| 020 ## - NÚMERO INTERNACIONAL ESTÁNDAR DEL LIBRO | |
| Número Internacional Estándar del Libro | 8439836252 |
| 035 ## - NÚMERO DE CONTROL DEL SISTEMA | |
| Número de control de sistema | (OCoLC)434817796 |
| 035 ## - NÚMERO DE CONTROL DEL SISTEMA | |
| Número de control de sistema | (SpMaBN)bimo0000292855 |
| 040 ## - FUENTE DE CATALOGACIÓN | |
| Centro catalogador/agencia de origen | SpMaBN |
| Lengua de catalogación | spa |
| Centro/agencia transcriptor | SpMaBN |
| Normas de descripción | rdc |
| 080 ## - NÚMERO DE LA CLASIFICACIÓN DECIMAL UNIVERSAL | |
| Número de la Clasificación Decimal Universal | 929 Dolores Rodríguez Sopeña |
| 100 1# - ENTRADA PRINCIPAL--NOMBRE DE PERSONA | |
| Nombre de persona | Mutuberría, María Teresa |
| 9 (RLIN) | 243021 |
| 240 10 - TÍTULO UNIFORME | |
| Título uniforme | Dolores Rodríguez Sopeña |
| 245 10 - MENCIÓN DEL TÍTULO | |
| Título | Dolores Rodríguez Sopeña |
| Mención de responsabilidad, etc. | María Teresa Mutuberría |
| 250 ## - MENCION DE EDICION | |
| Mención de edición | 2ª ed. corr. y aum. |
| 260 ## - PUBLICACIÓN, DISTRIBUCIÓN, ETC. | |
| Lugar de publicación, distribución, etc. | Madrid (Francisco de Rojas, 6) |
| Nombre del editor, distribuidor, etc. | M.T. Mutuberría |
| Fecha de publicación, distribución, etc. | 1993 |
| 300 ## - DESCRIPCIÓN FÍSICA | |
| Extensión | 275 p., [8] p. de lám. |
| Dimensiones | 21 cm |
| 336 ## - TIPO DE CONTENIDO | |
| Fuente | rdacontent |
| Término de tipo de contenido | texto |
| 337 ## - TIPO DE MEDIO | |
| Fuente | rdamedia |
| Nombre/término del tipo de medio | sin mediación |
| 338 ## - TIPO DE SOPORTE | |
| Fuente | rdacarrier |
| Nombre/término del tipo de soporte | volumen |
| 500 ## - NOTA GENERAL | |
| Nota general | Registro provisional. A-16111. Depósito 1 |
| 600 07 - PUNTO DE ACCESO ADICIONAL DE MATERIA--NOMBRE DE PERSONA | |
| Nombre de persona | Dolores Rodríguez Sopeña, |
| Títulos y otros términos asociados al nombre | Beata |
| Fechas asociadas al nombre | 1848-1918 |
| Fuente del encabezamiento o término | embne |
| 9 (RLIN) | 243022 |
| 852 ## - LOCALIZACIÓN | |
| Ubicación | ES-MaACL |
| Ubicación en estantería | Depósito 1 |
| Número de control de estantería | A-16111 |
| Donativo/Legado | Donación: José Lázaro García |
| Encuadernación | Encuadernación rustica con solapas |
| Nota libre | En proceso |
| 942 ## - ELEMENTOS DE ENTRADA SECUNDARIOS (KOHA) | |
| Fuente del sistema de clasificación o colocación | Clasificación decimal universal |
| Tipo de ítem Koha | Libro impreso |
| Suprimir en OPAC | No |
| 956 ## - LOCALIZACIÓN Y ACCESO ELECTRÓNICOS LOCAL (OCLC) | |
| Nombre del host | 1 2 |
| 980 ## - EQUIVALENCIA O REFERENCIA-CRUZADA-MENCIÓN DE SERIE--NOMBRE DE PERSONA/TÍTULO [LOCAL, CANADÁ] | |
| Nombre de persona | SpMaBN |
| Numeración | BNMADRID |
| Calificador de atribución | 7/150011 |
| Títulos y otros términos asociados al nombre | SG_RECOLET |
| 980 ## - EQUIVALENCIA O REFERENCIA-CRUZADA-MENCIÓN DE SERIE--NOMBRE DE PERSONA/TÍTULO [LOCAL, CANADÁ] | |
| Nombre de persona | B 12857-1993 |
| -- | SpMaBN |
| Numeración | BNALCALA |
| Calificador de atribución | AHM/47802 |
| Títulos y otros términos asociados al nombre | SG_PETANTI |
| 980 ## - EQUIVALENCIA O REFERENCIA-CRUZADA-MENCIÓN DE SERIE--NOMBRE DE PERSONA/TÍTULO [LOCAL, CANADÁ] | |
| Nombre de persona | SpMaBN |
| Numeración | BNALCALA |
| Calificador de atribución | DL/576468 |
| Títulos y otros términos asociados al nombre | CONSERVACI |
No items available.
